Commercial real estate auctions (Record no. 111020)

MARC details
000 -LEADER
fixed length control field 01408cad a22002535a 4500
001 - CONTROL NUMBER
control field E150916
008 - FIXED-LENGTH DATA ELEMENTS--GENERAL INFORMATION
fixed length control field 100915s2009 xxk f 100 0 eng d
020 ## - INTERNATIONAL STANDARD BOOK NUMBER
International Standard Book Number 9781842195192
035 ## - SYSTEM CONTROL NUMBER
System control number (Sirsi) u150916
041 0# - LANGUAGE CODE
Language code of text/sound track or separate title eng
100 1# - MAIN ENTRY--PERSONAL NAME
Personal name Galvin, Shane
111 2# - MAIN ENTRY--MEETING NAME
Meeting name or jurisdiction name as entry element Construction and Building Research Conference
Location of meeting University of Cape Town
Date of meeting or treaty signing 10-11 September 2009
245 00 - TITLE STATEMENT
Title Commercial real estate auctions
Remainder of title an investigation of the British market
Medium [electronic resource]
260 ## - PUBLICATION, DISTRIBUTION, ETC.
Place of publication, distribution, etc. London
Name of publisher, distributor, etc. RICS
Date of publication, distribution, etc. 2009
520 ## - SUMMARY, ETC.
Summary, etc. Considers and classifies the buyers that are active within the auction room, and identifies the "key players" within the industry. Reports on a series of in-depth interviews relating to maintaining auction sustainability, including discussing issues such as the adaptation of new technologies by the industry, the provision of a greater knowledge of auctions to the public and property professionals, and addressing the emergence of the private investor in the auction room.
590 ## - LOCAL NOTE (RLIN)
Local note KA
650 24 - SUBJECT ADDED ENTRY--TOPICAL TERM
Topical term or geographic name entry element CONSTRUCTION AND BUILDING RESEARCH CONFERENCE (COBRA)
651 #4 - SUBJECT ADDED ENTRY--GEOGRAPHIC NAME
Geographic name United Kingdom
Chronological subdivision
690 ## - LOCAL SUBJECT ADDED ENTRY--TOPICAL TERM (OCLC, RLIN)
Topical term or geographic name as entry element BUILT ENVIRONMENT-CONSTRUCTION MARKET
700 1# - ADDED ENTRY--PERSONAL NAME
Personal name Jenkins, David
Titles and other words associated with a name Professor
700 1# - ADDED ENTRY--PERSONAL NAME
Personal name Gronow, Stuart
Titles and other words associated with a name Professor
856 40 - ELECTRONIC LOCATION AND ACCESS
Uniform Resource Identifier <a href="https://www.rics.org/site/scripts/download_info.aspx?fileID=5015&categoryID=524">https://www.rics.org/site/scripts/download_info.aspx?fileID=5015&categoryID=524</a>
Public note View the item free of charge at www.rics.org
942 ## - ADDED ENTRY ELEMENTS (KOHA)
Suppress in OPAC 0
Holdings
Withdrawn status Lost status Source of classification or shelving scheme Damaged status Not for loan Home library Current library Shelving location Date acquired Total Checkouts Full call number Barcode Date last seen Copy number Price effective from Koha item type
    Dewey Decimal Classification     Virtual Virtual Online 15/09/2010   ONLINE PUBLICATION 150916-2001 06/08/2019 1 06/08/2019 Book